| 000 | 00444nam a2200169Ia 4500 | ||
|---|---|---|---|
| 008 | 121008t1962 xxu||||| |||| 00| 0 sin d | ||
| 041 | _asin | ||
| 080 |
_a8 S 31 _bPER |
||
| 100 | _aPerera,M.L Chandrasena | ||
| 245 | _aමාරක මිනිස් මාරයා | ||
| 246 | _aMaraka Minis Maraya | ||
| 260 |
_bD.B Jayakody _c1962 |
||
| 300 | _a160p., 18 cm | ||
| 942 | _cBK | ||
| 999 |
_c69505 _d69505 |
||
| 003 | LK-CoDNM | ||
| 040 |
_aLK-CoDNM _dLK-CoDNM _eLK-CoDNM |
||